• 首页
  • 本馆介绍
  • 公告通知
  • 最新文献
  • 馆藏检索
  • 电子资源
  • 读者导购
  • 参考咨询
  • 我的图书馆
  • 登录
  • 详细信息显示
  • 放入我的书架
  • 预约/预借图书
  • 作者相关作品
  • 分类相关作品
  • 丛书相关作品
  • 出版社相关作品

书目信息

  • 表格格式
  • 工作单格式
  • 卡片格式
题名:
洋务运动与中国早期现代化思想
    
 
作者: 周建波 著
分册:  
出版信息: 济南   山东人民出版社  2001
页数: 301页
开本: 20cm
丛书名:
单 册:
中图分类: K256.1
科图分类:
主题词: 洋务运动--关系--现代化--研究--中国 , 洋务运动 , 现代化
电子资源:
ISBN: 7-209-02628-2
000 00911nam0 2200253 450
001 1234501707
005 20121013093536.01
010    @a7-209-02628-2@dCNY18.00
100    @a20010702d2001 em y0chiy0110 ea
101 0  @achi
102    @aCN@b370000
105    @ay z 000yd
200 1  @a洋务运动与中国早期现代化思想@Ayang wu yun dong yu zhong guo zao qi xian dai hua si xiang@f周建波著
210    @a济南@c山东人民出版社@d2001
215    @a301页@d20cm
305    @a北京冠华通经贸有限公司总经理张全喜资助出版
330    @a本书主要从中国现代化的角度来考察洋务运动,论述了时代变局与洋务现代化思想的形成、洋务现代化的发展战略等。并对洋务运动的性质、失败原因以及历史地位等问题也有新的见解。
606 0  @a洋务运动@x关系@x现代化@x研究@y中国
606 0  @a洋务运动
606 0  @a现代化
690    @aK256.1@v4
701  0 @a周建波@Azhou jian bo@4著
801  0 @aCN@bNLC@c20101222
905    @a10447@dK256.1@eJY80
    
    洋务运动与中国早期现代化思想/周建波著.-济南:山东人民出版社,2001
    301页;20cm
    
    
    ISBN 7-209-02628-2:CNY18.00
    本书主要从中国现代化的角度来考察洋务运动,论述了时代变局与洋务现代化思想的形成、洋务现代化的发展战略等。并对洋务运动的性质、失败原因以及历史地位等问题也有新的见解。
●
相关链接 在E读中查询图书 在五车中查询图书 在当当中查询图书 在豆瓣中查询图书


正题名:洋务运动与中国早期现代化思想     索取号:K256.1/JY80         预约/预借

序号 登录号 条形码 馆藏地/架位号 状态 备注
1 7822312   278223129   学院路分馆/ [索取号:K256.1/JY80] 在馆    
2 7822313   278223138   学院路分馆/ [索取号:K256.1/JY80] 在馆    
3 7822314   278223147   学院路分馆/ [索取号:K256.1/JY80] 在馆    
唐山师范学院图书馆 欢迎您!
大连网信软件有限公司© 版权所有